000 00688nam a2200229 a 4500
001 000008972
003 DO-SdBNP
005 20240927073746.0
008 090922s1976 dr a 000 p spa d
040 _aDO-SdBNP
_bspa
_cDO-SdBNP
082 4 _aRD861.44
_bB171cr
_222
100 1 _a Balaguer, Joaquín,
_d1906-2002
_976556
245 1 3 _aLa cruz de cristal /
_cJoaquín Balaguer.
246 1 8 _aLa cruz de cristal /
260 _aSanto Domingo :
_bPadilla,
_c1976.
300 _a270 p. :
_bil. ;
_c28 cm.
590 _aInventariado, 2018/LP
650 1 0 _aPoesía dominicana
_966
650 1 0 _aLiteratura dominicana.
_967
910 _aValidado. Control de calidad MFF
942 _2ddc
_cLBS1
999 _c8736
_d8736